Tribunali Amministrativi Regionali (Registro nro. 159962)
[ vista simple ]
| 000 -LEADER | |
|---|---|
| fixed length control field | 00728ny a22002173n 4500 |
| 008 - FIXED-LENGTH DATA ELEMENTS--GENERAL INFORMATION | |
| fixed length control field | 100414s2000 it z s 000 a spa d |
| 035 ## - | |
| -- | 1694 |
| 040 ## - CATALOGING SOURCE | |
| Original cataloging agency | BUS |
| Modifying agency | vLex |
| 090 ## - | |
| -- | 1496 |
| -- | 1496 |
| 245 30 - TITLE STATEMENT | |
| Title | Tribunali Amministrativi Regionali |
| Medium | [Recurso electrónico] |
| 256 ## - | |
| -- | Servicio en línea |
| 260 ## - PUBLICATION, DISTRIBUTION, ETC. (IMPRINT) | |
| Place of publication, distribution, etc | [Italia] : |
| Name of publisher, distributor, etc | [s.n.] |
| 650 04 - SUBJECT ADDED ENTRY--TOPICAL TERM | |
| Topical term or geographic name as entry element | Sentencias |
| General subdivision | Publicaciones periódicas |
| 650 04 - SUBJECT ADDED ENTRY--TOPICAL TERM | |
| Topical term or geographic name as entry element | Tribunales administrativos |
| Geographic subdivision | Italia |
| General subdivision | Publicaciones periódicas |
| 740 0# - | |
| -- | vLex Revista (Servicios en línea) |
| 843 ## - | |
| -- | Electrónica. Abierta |
| 853 ## - | |
| -- | 1 |
| -- | (year) |
| -- | (month) |
| -- | (day) |
| 856 40 - LOCALIZACIÓN Y ACCESO ELECTRÓNICO | |
| Identificador Uniforme del Recurso (URI/URL) | https://app.vlex.com/#/sources/tribunali-amministrativi-regionali-1694 |
| 942 ## - | |
| -- | RAA |
| 999 ## - | |
| -- | 159962 |
| -- | 159962 |
No hay ítems disponibles.